000 00282nam a22000977a 4500
005 20250901165532.0
008 210603b |||||||| |||| 00| 0 eng d
050 _aCB69 .M35 2000
245 _aA history of world societies
_cMCKAY, JOHN P.
942 _2lcc
_hCB69 .M35 2000
999 _c5452
_d5452